Statistics for Countries Closest to Zurich

Click here to take the quiz!

General Stats

  • This quiz has been taken 95 times
  • The average score is 10 of 10

Answer Stats

Distance (Kilometers (Miles))Country% Correct
75.6 (47)France
100%
23.1 (14.4)Germany
100%
101.2 (62.9)Italy
100%
75.4 (46.8)Austria
99%
74.1 (46)Liechtenstein
97%
282.3 (175.4)Luxembourg
97%
386.4 (240.1)Slovenia
95%
313.8 (195)Belgium
94%
380.5 (236.4)Czechia
91%
411.6 (255.8)Monaco
87%

Score Distribution

Percentile by Number Answered

Percent of People with Each Score

Your Score History

You have not taken this quiz